Technické zhodnotenie dlhodobého majetku

Technické zhodnotenie podľa zákona o dani z príjmov. Účtovanie technického zhodnotenia. Odpisovanie. Technické zhodnotenie vykonané do času a po čase uvedenia majetku do používania. Vyradenie majetku, ktorý nie je úplne odpísaný. Príklad účtovania technického zhodnotenia v RO. PO a obciach.

Na minha lista:
Detalhes bibliográficos
Autor principal: Kicová, Marianna
Formato: Capítulo de Livro
Idioma:eslovaco
Assuntos:
Tags: Adicionar Tag
Sem tags, seja o primeiro a adicionar uma tag!

MARC

LEADER 00000naa$a2200000$$$4500
001 0059647
005 20240502071648.1
041 0 |a slo 
044 |a SK 
245 1 0 |a Technické zhodnotenie dlhodobého majetku  |c Marianna Kicová 
520 |a Technické zhodnotenie podľa zákona o dani z príjmov. Účtovanie technického zhodnotenia. Odpisovanie. Technické zhodnotenie vykonané do času a po čase uvedenia majetku do používania. Vyradenie majetku, ktorý nie je úplne odpísaný. Príklad účtovania technického zhodnotenia v RO. PO a obciach. 
610 2 0 |a účtovanie 
610 2 0 |a zhodnotenie majetku 
610 2 0 |a organizácie rozpočtové 
610 2 0 |a organizácie príspevkové 
610 2 0 |a dane z príjmov 
610 2 0 |a odpisy 
100 1 |a Kicová, Marianna